00526nam a22001697a 450000500170000001000150001702000260003203500130005803700130007108200170008410000200010124500450012126000420016627000720020830000260028050000500030620140908111643.0 aENG-110758 a9788183876445c595.00 aEN-94290 bDBAD/PUB a332.74309543 aChaudhary, S.N. aTribal indebtedness /cby S.N. Chaudhary aNew DelhibSerials Publicationsc2014 a4830/24, Prahlad Street, Ansari Road, Darya GanjbNew Delhie110002 aviii,194p. c22cm(Hb) aIncludes bibliographical references and index